000 01146cam a22003374a 4500
001 12273364
003 OSt
005 20140310182657.0
008 010108s2001 nyua 000 0 eng
010 _a 2001086130
020 _a0764118218
040 _aDLC
_cDLC
_dDLC
041 0 _aengfre
042 _apcc
050 0 0 _aPC 2445
_b.D916 2001
082 0 0 _aM 448.2421
_221
_bD93 2001
100 1 _aDungern, Muriel von.
245 1 0 _aVocabulary builder French
_bmastering the most common French words and phrases
_cvon Dungern, Muriel
260 _aHauppauge, N.Y.
_bBarron's
_cc2001
300 _a116 p.
_bill.
_c23 cm.
521 _aCollege student
526 _c1210L to 1700L
541 _j1
562 _efor circulation. 1 copy available in the collection
650 0 _aFrench language
_xVocabulary.
650 0 _aFrench language
_xSelf instruction.
856 4 2 _3Publisher description
_uhttp://www.loc.gov/catdir/enhancements/fy0630/2001086130-d.html
906 _a7
_bcbc
_corignew
_d2
_eepcn
_f20
_gy-gencatlg
942 _2lcc
_cBK
_kM
999 _c15137
_d15137